000 00219nam a2200109Ia 4500
100 _aJOLHE DHANANJAY
942 _cBK
245 _aENGG.DRAING
260 _bTATAMCGRAWHILL
_aNew Delhi
546 _aENGLISH
999 _c22281
_d22281